| 000 | 00737cam a2200253 i 4500 | ||
|---|---|---|---|
| 008 | |||
| 020 | _a0915760010 | ||
| 049 | _aMAIN | ||
| 090 | _aQA911VAN | ||
| 100 | 1 | _aVan Dyke, Milton. | |
| 245 | 1 | 0 |
_aPerturbation methods in fluid mechanics / _cBy Milton Van Dyke. |
| 250 | _aAnnotated ed. | ||
| 260 |
_aStanford, Calif. : _bParabolic Press, _c1975. |
||
| 300 |
_axiv, 271 p. : _bill. ; _c24 cm. |
||
| 504 | _aIncludes bibliographical references. | ||
| 500 | _aIncludes index. | ||
| 650 | 0 | _aFluid dynamics. | |
| 650 | 0 | _aPerturbation (Mathematics) | |
| 907 |
_a.b10204453 _b09-06-06 _c06-06-06 |
||
| 003 | |||
| 005 | 20230123134218.0 | ||
| 040 | _cNUST | ||
| 942 |
_cBOOKS _kQA911VAN |
||
| 999 |
_c161986 _d161986 |
||